Członkowie NATO - Statystyki

Ogólne statystyki
  • Ten quiz został rozwiązany 107 razy
    95 od ostatniego zresetowania
  • Średni wynik to 27 z 31
Statystyki odpowiedzi
data Państwo % Poprawnych
1999 Polska
98%
1949 Kanada
95%
1955 Niemcy
95%
1949 Usa
95%
2023 Finlandia
92%
1949 Francja
92%
1982 Hiszpania
92%
2004 Litwa
92%
1949 Wielka Brytania
90%
1949 Belgia
89%
1999 Czechy
89%
2004 Estonia
89%
2004 Łotwa
89%
1949 Portugalia
89%
1949 Holandia
87%
2004 Słowacja
87%
1949 Włochy
87%
2004 Bułgaria
85%
2009 Chorwacja
85%
1949 Dania
85%
1949 Norwegia
85%
2004 Rumunia
85%
1999 Węgry
85%
1952 Grecja
82%
2004 Słowenia
82%
1952 Turcja
81%
1949 Luksemburg
79%
2009 Albania
76%
1949 Islandia
73%
2020 Macedonia Północna
73%
2017 Czarnogóra
71%
Nie znaleziono quizów pasujących do podanych kryteriów
Rozkład punktacji
Procent ludzi z każdym wynikiem
Percentyl według liczby udzielonych odpowiedzi
Twoja historia wyników
Nie rozwiązałeś tego quizu od ostatniego zresetowania